| 000 | 00440cam a2200169ua 4500 | ||
|---|---|---|---|
| 003 | OSt | ||
| 008 | 250506b |||||||| |||| 00| 0 eng d | ||
| 020 | _a9781259006197 | ||
| 082 |
_a621.43 _bGAN/IC |
||
| 100 |
_aGanesan, V . _9537 |
||
| 245 | _aInternal combustion engines / | ||
| 250 | _a1 / 4 | ||
| 260 |
_aNew Delhi : _bMc-Graw Hill Education (India)Private Limited _c2014 |
||
| 300 | _a730 | ||
| 650 |
_aIC engines _97474 |
||
| 942 | _cBK | ||
| 999 |
_c9760 _d9760 |
||